| 000 | 00350cam a22001097a 4500 | ||
|---|---|---|---|
| 008 | 180718b1965 xxu||||| |||| 00| 0 eng d | ||
| 082 | _aP422x5434 R137r | ||
| 245 |
_aReport on the Working of primary education _cby Evalution Organisation |
||
| 260 |
_aJaipur _bEvalution Organisation _c1965 |
||
| 300 | _a48p. | ||
| 700 | _aRajsthan. Evalution Organisation | ||
| 999 |
_c494624 _d494624 |
||